MARC

LEADER 00000nam0a2200000 4500
001 328588
005 20231102004057.0
035 |a (RuTPU)RU\TPU\book\354288 
090 |a 328588 
100 |a 20170220d1976 k y0rusy50 ca 
101 0 |a rus 
102 |a UA 
105 |a a z 001zy 
200 1 |a Контактная прочность пространственных конструкций  |e [сборник]  |f Академия наук Украинской ССР (АН УССР), Днепропетровское отделение института механики ; под ред. В. И. Моссаковского 
210 |a Киев  |c Наукова думка  |d 1976 
215 |a 196 с.  |c ил. 
320 |a Библиография в конце статей 
606 1 |a Пространственные несущие конструкции  |2 stltpush  |3 (RuTPU)RU\TPU\subj\52805  |9 71202 
610 1 |a контактная прочность 
610 1 |a теория оболочек 
610 1 |a сопряжение 
610 1 |a напряженно-деформированное состояние 
610 1 |a цилиндрические оболочки 
610 1 |a шпангоуты 
610 1 |a круговые кольца 
610 1 |a нагрузки 
610 1 |a деформация 
610 1 |a ползучесть 
610 1 |a статьи 
610 1 |a сборники 
675 |a 624.-74  |v 4 
702 1 |a Моссаковский  |b В. И.  |4 340 
712 0 2 |a Академия наук Украинской ССР (АН УССР)  |b Днепропетровское отделение института механики  |c (1936-1991)  |2 stltpush  |3 (RuTPU)RU\TPU\col\332 
801 1 |a RU  |b 63413507  |c 20170220 
801 2 |a RU  |b 63413507  |c 20170222  |g RCR 
942 |c BK